000 01026nam a22002537a 4500
005 20240530110441.0
008 150420s2012 ua a g b 000 0 ara d
017 _a2011/11714
_bمصر . دار الكتب المصرية
020 _a9772325313
040 _aEG-CaGPL
082 0 4 _221
_a413.028\
_bم أ
100 0 _aمصطفى محمد صلاح.
245 1 2 _aالاستشهاد فى المعجم اللغوى التاريخى /
_cمصطفى محمد صلاح.
250 _aط1.
260 _aالقاهرة :
_bعالم الكتب ،
_c2012.
300 _a476 ص ؛
_c24 سم.
504 _aيشتمل على ارجاعات ببليوجرافية
650 0 4 _aاللغات
_vمعاجم
650 0 4 _aمعجم اكسوفورد
_xمقارنة
_xالمعجم التاريخى للغة الفرنسية
650 0 4 _aالمعجم التاريخى للغة الفرنسية
650 0 4 _aالمعاجم التاريخية
_xالاستشهاد
942 _2ddc
_cBK
999 _c61041
_d61041